Plan de investigación y transferencia de tecnología forestal (Registro nro. 1300)

Detalles MARC
000 -CABECERA
Campo de control 00779nam a2200205 a 4500
005 - FECHA Y HORA DE LA ULTIMA TRANSACCION
Campo de control 20180116094302.0
008 - ELEMENTOS DE LONGITUD FIJA—INFORMACION GENERAL
Campo de control 140226b1990 ck ||||| |||| 00| 0 spa d
040 ## - FUENTE DE CATALOGACIÓN
Agencia catalogadora original CO-BoIAVH
Agencia transcriptora CO-BoIAVH
041 ## - IDIOMA
Código de idioma para texto/pista de sonido o título separado Español
044 ## - PAÍS DE PUBLICACIÓN
País de publicación Colombia
090 ## - CLASIFICACIÓN LOCAL
Colección IND-I
Consecutivo 54
111 ## - ASIENTO PRINCIPAL--NOMBRE DE REUNION
Nombre de reunión o de jurisdicción como elemento de entrada Seminario sobre investigación forestal en la Costa Pacífica
Lugar de la reunión Buenaventura
Fecha de la reunión 1990
9 (RLIN) 89145
245 10 - MENCION DE TITULO
Título Plan de investigación y transferencia de tecnología forestal
Parte restante del título seminarios sobre investigación forestal
260 ## - PUBLICACION, DISTRIBUCION, ETC. (PIE DE IMPRENTA)
Lugar de publicación, distribución, etc. Buenaventura (Valle del Cauca)
Nombre del editor, distribuidor, etc. DNP
-- COLCIENCIAS
-- Universidad del Tolima
-- CONIF
-- Inderena
Fecha de publicación, distribución, etc. 1990
300 ## - DESCRIPCION FISICA
Extensión 125 Paginas
650 14 - ASIENTO SECUNDARIO DE MATERIA - TERMINO TEMATICO
Término temático o nombre geográfico como elemento de entrada Plan de acción forestal
9 (RLIN) 8489
650 14 - ASIENTO SECUNDARIO DE MATERIA - TERMINO TEMATICO
Término temático o nombre geográfico como elemento de entrada Investigación científica
9 (RLIN) 89146
650 14 - ASIENTO SECUNDARIO DE MATERIA - TERMINO TEMATICO
Término temático o nombre geográfico como elemento de entrada Transferencia de tecnología
9 (RLIN) 89147
942 ## - ELEMENTOS ADICIONALES (KOHA)
Tipo de ítem Informe Técnico
Sistema de clasificación Local
Existencias
Withdrawn status Lost status Sistema de Clasificación Damaged status No para préstamo Colección Ubicación Permanente Ubicación actual Fecha de adquisición Fuente de adquisición Total Checkouts Número topográfico Inventario / Código de Barras Date last seen Ejemplar Price effective from Forma de adquisición Tipo de material
    Local     Fondo Inderena Bogotá Bogotá 01/05/1999 Inderena   IND-I-54 001749 04/12/2012 Ej. 1 04/12/2012 Traslado Inderena Informe Técnico